000 00204nam a2200109Ia 4500
100 _a#N/A
942 _cBK
654 _aguindy
245 _aGuindy Machine Tools Ltd
260 _b#N/A
546 _aENGLISH
999 _c26973
_d26973